Statistics for Super Bowl Winning Teams

Click here to take the quiz!

General Stats

  • This quiz has been taken 76 times
  • The average score is 27 of 32

Answer Stats

SB WinsTeams% Correct
5New England Patriots
97%
5San Francisco 49ers
94%
5Dallas Cowboys
91%
6Pittsburgh Steelers
90%
3Denver Broncos
89%
4Green Bay Packers
89%
2Miami Dolphins
89%
1New York Jets
89%
0Detroit Lions
87%
1New Orleans Saints
87%
4New York Giants
87%
1Philadelphia Eagles
87%
1Seattle Seahawks
87%
1Chicago Bears
86%
0Cleveland Browns
86%
1St. Louis/Los Angeles Rams
86%
2Baltimore Ravens
84%
0Carolina Panthers
84%
0Jacksonville Jaguars
84%
0Minnesota Vikings
84%
0San Diego/Los Angeles Chargers
84%
3Washington Redskins
84%
0Atlanta Falcons
83%
2Baltimore/Indianapolis Colts
83%
0Buffalo Bills
83%
0Houston Texans
83%
1Kansas City Chiefs
83%
3Los Angeles/Oakland Raiders
83%
1Tampa Bay Buccaneers
83%
0Tennessee Titans
83%
0Cincinnati Bengals
81%
0Arizona Cardinals
79%

Score Distribution

Percentile by Number Answered

Percent of People with Each Score

Your Score History

You have not taken this quiz